Day of the blizzard / (Record no. 4127)
[ view plain ]
| 000 -LEADER | |
|---|---|
| fixed length control field | 00820nam a22002657a 4500 |
| 001 - CONTROL NUMBER | |
| control field | 4127 |
| 003 - CONTROL NUMBER IDENTIFIER | |
| control field | FISKH |
| 005 - DATE AND TIME OF LATEST TRANSACTION | |
| control field | 20250211085634.0 |
| 008 - FIXED-LENGTH DATA ELEMENTS--GENERAL INFORMATION | |
| fixed length control field | 240607b cb ||||| |||| 00| 0 eng d |
| 020 ## - INTERNATIONAL STANDARD BOOK NUMBER | |
| International Standard Book Number | 059030092-x |
| 040 ## - CATALOGING SOURCE | |
| Original cataloging agency | FISKH |
| Language of cataloging | eng |
| Transcribing agency | FISKH |
| Modifying agency | FISKH |
| 050 ## - LIBRARY OF CONGRESS CALL NUMBER | |
| Classification number | PZ7.M849 |
| 082 ## - DEWEY DECIMAL CLASSIFICATION NUMBER | |
| Classification number | 423 |
| 100 ## - MAIN ENTRY--PERSONAL NAME | |
| Personal name | Moskin Marietta |
| Dates associated with a name | 1928-2011 |
| 245 ## - TITLE STATEMENT | |
| Title | Day of the blizzard / |
| Statement of responsibility, etc. | Marietta Moskin |
| 260 ## - PUBLICATION, DISTRIBUTION, ETC. | |
| Place of publication, distribution, etc. | New York : |
| Name of publisher, distributor, etc. | Scholastic, |
| Date of publication, distribution, etc. | 1997 |
| 300 ## - PHYSICAL DESCRIPTION | |
| Extent | 79 pages : |
| Other physical details | illustrations ; |
| Dimensions | 20 cm |
| 505 ## - FORMATTED CONTENTS NOTE | |
| Formatted contents note | M<br/> |
| 520 ## - SUMMARY, ETC. | |
| Summary, etc. | Eager to accomplish an errand for her sick mother, Katie braves one of New York City's severest snowstorms in history, the blizzard of 1888.<br/> |
| 521 8# - TARGET AUDIENCE NOTE | |
| Target audience note | 630<br/> |
| Source | Lexile<br/> |
| 521 8# - TARGET AUDIENCE NOTE | |
| Target audience note | M<br/> |
| Source | Raz-Plus<br/> |
| 700 ## - ADDED ENTRY--PERSONAL NAME | |
| Personal name | Marietta Moskin |
| 942 ## - ADDED ENTRY ELEMENTS (KOHA) | |
| Source of classification or shelving scheme | Dewey Decimal Classification |
| Koha item type | Books |
| Suppress in OPAC | No |
| Withdrawn status | Lost status | Source of classification or shelving scheme | Damaged status | Not for loan | Collection | Home library | Current library | Shelving location | Date acquired | Total Checkouts | Full call number | Barcode | Date last seen | Copy number | Price effective from | Koha item type |
|---|---|---|---|---|---|---|---|---|---|---|---|---|---|---|---|---|
| Dewey Decimal Classification | Juvenile Fiction | Footprints International School Library Network Toul Kork Campus | Footprints International School Library Network Toul Kork Campus | TTP Primary Yellow Bookshelves | 06/07/2024 | MOS PZ7.M849 423 | 2024-0848 | 06/07/2024 | 1 | 06/07/2024 | Books | |||||
| Dewey Decimal Classification | Juvenile Fiction | Footprints International School Library Network Toul Kork Campus | Footprints International School Library Network Toul Kork Campus | TTP Primary Yellow Bookshelves | 02/11/2025 | MOS PZ7.M849 423 | 2025-0496 | 02/11/2025 | 2 | 02/11/2025 | Books |
